000
00275nam a2200109Ia 4500
008
200302s9999 xx 000 0 und d
100
_a
Michael T Callahan and others
245
_a
Construction project Sheduling
260
_b
Mcgraw Hill
260
_c
2014
300
_a
439 P.,
999
_c
4002
_d
4002